00243cam a22000857a 4500008004000000082002100040245004900061260003900110300000800149180718b1974 xxu||||| |||| 00| 0 eng d aY1303mx5432 H266 aThe Haryana municipal common lands act, 1974 aChandigarhbGovernment Pressc1974 a5p.